DENTAL PULSE-BASIC SCIENCE-1 (Record no. 3829)

MARC details
000 -LEADER
fixed length control field 00355nam a2200145Ia 4500
008 - FIXED-LENGTH DATA ELEMENTS--GENERAL INFORMATION
fixed length control field 150201s2007 xx 000 0 und d
082 ## - DEWEY DECIMAL CLASSIFICATION NUMBER
Classification number 617.6
Item number D2007S
100 ## - MAIN ENTRY--PERSONAL NAME
Personal name SATISH KUMAR
245 ## - TITLE STATEMENT
Title DENTAL PULSE-BASIC SCIENCE-1
250 ## - EDITION STATEMENT
Edition statement 4TH
260 ## - PUBLICATION, DISTRIBUTION, ETC. (IMPRINT)
Name of publisher, distributor, etc. SAUNDERS
Place of publication, distribution, etc. HYDERABAD
Date of publication, distribution, etc. 2007
300 ## - PHYSICAL DESCRIPTION
Extent 1-574
650 ## - SUBJECT ADDED ENTRY--TOPICAL TERM
Topical term or geographic name as entry element GENERAL DENTISTRY
942 ## - ADDED ENTRY ELEMENTS (KOHA)
Source of classification or shelving scheme Dewey Decimal Classification
Koha item type Books
Koha issues (borrowed), all copies 1
Holdings
Withdrawn status Lost status Source of classification or shelving scheme Damaged status Not for loan Home library Current library Date acquired Source of acquisition Cost, normal purchase price Serial Enumeration / chronology SGTU Bill Number Total Checkouts Full call number Barcode Date last seen Bill Date Koha item type Date last checked out
    Dewey Decimal Classification     SGT Dental Library SGT Dental Library 09/01/2008 DELHI BOOK STORE( DELHI) 425.00 1 SGTU 1550   617.6 D2007S FD4751 09/02/2015 17/10/2012 Books  
    Dewey Decimal Classification     SGT Dental Library SGT Dental Library 09/01/2008 DELHI BOOK STORE( DELHI) 425.00 1 SGTU 1550 4 617.6 D2007S FD4752 03/05/2022 17/10/2012 Books 05/04/2022